Návrh a implementácia aplikácie pre správu osobných financií na platforme Android

Gespeichert in:
Bibliographische Detailangaben
1. Verfasser: Hanzel, Erik (Verfasst von)
Weitere Verfasser: Németh, Martin (Betreuung Doktorarbeit)
Format: Manuskript Buch
Sprache:Slowakisch
Veröffentlicht: 2018
Schlagworte:
Online-Zugang:http://is.stuba.sk/zp/portal_zp.pl?podrobnosti=123500
Tags: Tag hinzufügen
Keine Tags, Fügen Sie das erste Tag hinzu!

MARC

LEADER 00000ntm a22000003a 4500
001 stuzp67279
003 SK-STU
005 20180820154252.0
007 ta
008 150427s2015----xo-----f-mn---000-0-slo-d
040 |a STU  |b slo 
041 0 |a slo 
100 1 |a Hanzel, Erik  |u 066000  |4 aut  |U MTF Materiálovotechnologická fakulta  |T MTF Ústav aplikovanej informatiky, automatizácie a mechatroniky  |X 74675  |U M6000  |Y 86  |7 74675 
242 0 1 |a Design and implementation of personal finance application on the platform Android  |y eng 
245 1 0 |a Návrh a implementácia aplikácie pre správu osobných financií na platforme Android 
260 |c 2018 
650 4 |a application  |2 eng 
650 4 |a database  |2 eng 
650 4 |a personal finances  |2 eng 
650 4 |a Android  |2 eng 
650 4 |a Firebase  |2 eng 
650 4 |a fragment  |2 eng 
650 4 |a Firebase  |2 slo 
650 4 |a Android  |2 slo 
650 4 |a fragment  |2 slo 
650 4 |a aplikácia  |2 slo 
650 4 |a databáza  |2 slo 
650 4 |a osobné financie  |2 slo 
700 1 |a Németh, Martin  |u 066000  |k Z1  |4 ths  |U MTF Materiálovotechnologická fakulta  |T MTF Ústav aplikovanej informatiky, automatizácie a mechatroniky  |X 57258  |U M6000  |Y 86  |7 A000057258 
856 4 |u http://is.stuba.sk/zp/portal_zp.pl?podrobnosti=123500 
996 |c M* BP-8201  |l MMSKP  |s P  |a 0  |w stuzp67279_0001